000 01368nam a22003377a 4500
003 CHAP
005 20220329143436.0
008 090903s2009 mx r 00010 spa d
010 _a96683
011 _a97655
035 _a108325
040 _cCHAP
090 _aTesis
100 1 _aSandoval Hernández, Silvia.
_9102136
245 1 0 _aAprovechamiento de hongos silvestres comestibles como una alternativa de desarrollo sustentable en Yoricostio, Municipio de Tacámbaro, Michoacán
_c/por Silvia Sandoval Hernández
260 _aMorelia, Michoacán, Méx. :
_bEl autor,
_c2009
300 _axii, 118 h. :
_bgráfs. , ilus.
502 _aTesis (M.C. en Desarrollo Rural Regional) -- UACH. Dirección de Centros Regionales Universitarios
590 _aALEPH
_b10
_c20130110
_lUCH01
_h1530
590 _aBATCH-UPD
_b10
_c20130110
_lUCH01
_h1158
590 _aBATCH-UPD
_b10
_c20130410
_lUCH01
_h0740
590 _aBATCH-UPD
_b10
_c20130914
_lUCH01
_h1158
590 _aCONVERSION
_b10
_c20130109
_lUCH01
_h1353
650 1 4 _aDesarrollo sustentable
_zMichoacán.
_932103
650 1 4 _aHongos comestibles.
_956124
650 1 4 _aRecursos naturales
_xAprovechamiento.
_995190
901 _aBK
942 _cFOLL
949 _aTesis
_bBC
_cTES
_d33724002108405
_eTS1
_gDonaciØn
_h49490
_i108325
_sb
949 _aTesis
_bBC
_cTES
_d33724002108446
_eTS2
_fc.2
_gDonaciØn
_h49491
_i108325
_sb
999 _c96683
_d96683